Návrh pracoviska na výrobu hadicových kompletov pre zváranie plameňom : Diplomová práca

Guardado en:
Detalles Bibliográficos
Autor principal: Totka, Marek (Autor)
Otros Autores: Hidvéghyi, Ján (xxx)
Formato: Manuscrito Libro
Lenguaje:eslovaco
Publicado: Trnava : STU v Bratislave MtF KZaZS, 1993
Materias:
Etiquetas: Agregar Etiqueta
Sin Etiquetas, Sea el primero en etiquetar este registro!

MARC

LEADER 00000ntm a22000003a 4500
001 stu80607
005 20160719154940.8
008 030528s1993----xo------------------slo-d
040 |a STU  |b slo 
041 0 |a slo 
044 |a xo 
100 1 |a Totka, Marek  |4 aut 
245 1 |a Návrh pracoviska na výrobu hadicových kompletov pre zváranie plameňom :  |b Diplomová práca 
260 |a Trnava :  |b STU v Bratislave MtF KZaZS,  |c 1993 
300 |a 52 s  |c abstr. + príl. 
650 7 |a zváranie plameňom  |2 stusub 
650 7 |a hadicové komplety  |2 stusub 
650 7 |a strojárske technológie  |2 stusub 
700 1 |a Hidvéghyi, Ján  |4 xxx 
996 |b 284M042142  |c M*DP-2142  |l MMSKP  |s P  |a 0  |w stu80607_0001